KOHA-Header-6

Small Entrepreneurs in Developing Countries (Record no. 1247)

000 -LEADER
fixed length control field 00291nam a2200109Ia 4500
008 - FIXED-LENGTH DATA ELEMENTS--GENERAL INFORMATION
fixed length control field 190723s9999 xx 000 0 und d
100 ## - MAIN ENTRY--PERSONAL NAME
Personal name Dr.Asghar S.Nasir
245 #0 - TITLE STATEMENT
Title Small Entrepreneurs in Developing Countries
260 ## - PUBLICATION, DISTRIBUTION, ETC. (IMPRINT)
Place of publication, distribution, etc Karachi
Name of publisher, distributor, etc Ilmi Kitab Khana
Date of publication, distribution, etc 2017
300 ## - PHYSICAL DESCRIPTION
Extent 554
942 ## - ADDED ENTRY ELEMENTS (KOHA)
Koha item type Books
Holdings
Withdrawn status Lost status Source of classification or shelving scheme Damaged status Not for loan Collection code Permanent Location Current Location Shelving location Date acquired Full call number Barcode Date last seen Price effective from Koha item type
          Banking MAJU MAJU Shelf No.A45 2019-07-23 330.95 7872 2019-07-23 2019-07-23 Banking

Powered by Koha